[Event "OP-2013-0-02976"]
[Site "LSS email"]
[Date "2013.09.02"]
[Round "?"]
[White "Lenz, Juergen"]
[Black "Bier, Ingrid"]
[Result "0-1"]
[WhiteElo "1016"]
[BlackElo "1465"]
[PlyCount "48"]
[EventDate "2013.08.29"]
[EventType "tourn (corr)"]
[EventRounds "4"]
[EventCountry "GER"]
[SourceTitle "Telechess CBM 163"]
[Source "ChessBase"]
[SourceDate "2014.11.11"]
[SourceVersion "2"]
[SourceVersionDate "2014.11.11"]
[SourceQuality "1"]

1. d4 Nf6 2. Bf4 c5 3. e3 Qb6 4. Qc1 cxd4 5. exd4 Nc6 6. c3 d6 7. Nd2 e5 8. Nc4 Qc7 9. dxe5 dxe5 10. Bg3 Be6 11. Qe3 Ng4 12. Qe2 0-0-0 13. h3 Nh6 14. Ne3 Nd4 15. Qh5 Nhf5 16. Bd3 Nxg3 17. fxg3 g6 18. Qd1 Nf5 19. Nxf5 gxf5 20. Qe2 e4 21. Bc2 Bc5 22. Rd1 Qxg3+ 23. Kf1 Rxd1+ 24. Bxd1 Bc4 0-1

[Event "RE-2013-0-00120"]
[Site "LSS email"]
[Date "2013.08.24"]
[Round "?"]
[White "Puleston, Tim O"]
[Black "Bier, Ingrid"]
[Result "0-1"]
[WhiteElo "1196"]
[BlackElo "1465"]
[PlyCount "24"]
[EventDate "2013.07.02"]
[EventType "tourn (corr)"]
[EventRounds "6"]
[EventCountry "GER"]
[SourceTitle "Corr 2015"]
[Source "ChessBase"]
[SourceDate "2015.07.17"]
[SourceVersion "1"]
[SourceVersionDate "2015.07.17"]
[SourceQuality "1"]

1. e4 e5 2. f4 exf4 3. Bc4 Nc6 4. Nf3 g5 5. 0-0 Bg7 6. d3 h6 7. Nc3 d6 8. Bd2 Nge7 9. Qe2 0-0 10. Bb3 Ng6 11. Qf2 g4 12. Ne1 Bd4 0-1

[Event "RE-2013-0-00120"]
[Site "LSS email"]
[Date "2013.08.21"]
[Round "?"]
[White "Bier, Ingrid"]
[Black "Bieszk, Stanislaw"]
[Result "1-0"]
[WhiteElo "1465"]
[BlackElo "923"]
[PlyCount "71"]
[EventDate "2013.07.02"]
[EventType "tourn (corr)"]
[EventRounds "6"]
[EventCountry "GER"]
[SourceTitle "Telechess CBM 163"]
[Source "ChessBase"]
[SourceDate "2014.11.11"]
[SourceVersion "2"]
[SourceVersionDate "2014.11.11"]
[SourceQuality "1"]

1. e4 d6 2. d4 Nf6 3. Nc3 g6 4. Nf3 Bg7 5. Be2 0-0 6. 0-0 c6 7. h3 Nbd7 8. Be3 b5 9. e5 Ne8 10. a3 Bb7 11. Re1 a5 12. Bf4 b4 13. Na4 Nb6 14. Nxb6 Qxb6 15. Bg5 Qc7 16. axb4 axb4 17. Rxa8 Bxa8 18. Qa1 Bb7 19. Qa7 c5 20. dxc5 dxc5 21. Bxe7 Qxe7 22. Ba6 Nc7 23. Qxb7 Re8 24. Bc4 Kf8 25. Qc6 Ne6 26. Bxe6 fxe6 27. Rd1 Rd8 28. Rd6 Kg8 29. Rxd8+ Qxd8 30. Qxe6+ Kf8 31. Qc6 Qe7 32. Qc8+ Kf7 33. Ng5+ Qxg5 34. e6+ Ke7 35. Qd7+ Kf8 36. Qf7# 1-0

[Event "OP-2013-0-02909"]
[Site "LSS email"]
[Date "2013.07.28"]
[Round "?"]
[White "Raines, David T"]
[Black "Bier, Ingrid"]
[Result "0-1"]
[WhiteElo "999"]
[BlackElo "1409"]
[PlyCount "48"]
[EventDate "2013.07.25"]
[EventType "tourn (corr)"]
[EventRounds "4"]
[EventCountry "GER"]
[SourceTitle "Telechess CBM 161"]
[Source "ChessBase"]
[SourceDate "2014.07.16"]
[SourceVersion "1"]
[SourceVersionDate "2014.07.16"]
[SourceQuality "1"]

1. d4 Nf6 2. Nf3 e6 3. Bf4 b6 4. e3 Bb7 5. Nbd2 Be7 6. Bd3 0-0 7. c3 Nh5 8. Bxh7+ Kxh7 9. Qc2+ Kg8 10. h4 c5 11. 0-0-0 Nxf4 12. exf4 Qc7 13. dxc5 Qxf4 14. Kb1 bxc5 15. h5 Nc6 16. Rh3 Qh6 17. Rg1 Rab8 18. g4 f6 19. Qg6 d5 20. Re1 Bc8 21. Qxh6 gxh6 22. Nh4 Rf7 23. Ng6 c4 24. Nxe7+ Rxe7 0-1

[Event "OP-2013-0-02865"]
[Site "LSS email"]
[Date "2013.07.06"]
[Round "?"]
[White "Bier, Ingrid"]
[Black "Winkler, Matthias"]
[Result "1-0"]
[WhiteElo "1409"]
[BlackElo "1611"]
[PlyCount "53"]
[EventDate "2013.07.03"]
[EventType "tourn (corr)"]
[EventRounds "4"]
[EventCountry "GER"]
[SourceTitle "Telechess CBM 161"]
[Source "ChessBase"]
[SourceDate "2014.07.16"]
[SourceVersion "1"]
[SourceVersionDate "2014.07.16"]
[SourceQuality "1"]

1. e4 e5 2. Nf3 Nc6 3. Bb5 Bc5 4. 0-0 Nf6 5. Nxe5 Nxe5 6. d4 a6 7. Be2 Bxd4 8. Qxd4 Nc6 9. Qd3 0-0 10. Nc3 Re8 11. Bg5 h6 12. Bh4 Ne5 13. Qd4 Nc6 14. Qd1 g5 15. Bg3 Nxe4 16. Nxe4 Rxe4 17. Bd3 Re6 18. f4 d6 19. Qh5 Qf6 20. fxg5 Qg7 21. Rf5 Nd4 22. Rf2 Bd7 23. Raf1 Be8 24. c3 Nc6 25. Bf4 hxg5 26. Bxg5 Ne5 27. Bf5 1-0

[Event "ZN-2013-0-02344"]
[Site "LSS email"]
[Date "2013.06.25"]
[Round "?"]
[White "Bier, Ingrid"]
[Black "Venturas, Bob"]
[Result "1-0"]
[WhiteElo "1409"]
[BlackElo "731"]
[PlyCount "49"]
[EventDate "2013.06.23"]
[EventType "match (corr)"]
[EventRounds "2"]
[EventCountry "GER"]
[SourceTitle "Telechess CBM 161"]
[Source "ChessBase"]
[SourceDate "2014.07.16"]
[SourceVersion "1"]
[SourceVersionDate "2014.07.16"]
[SourceQuality "1"]

1. e4 e5 2. Nf3 Nc6 3. Bb5 d6 4. 0-0 Bd7 5. d4 a6 6. Bxc6 Bxc6 7. dxe5 Bxe4 8. Re1 d5 9. Nc3 Bb4 10. Ng5 Bxc3 11. bxc3 Qe7 12. Nxe4 dxe4 13. Qg4 Qc5 14. Qxg7 0-0-0 15. Qxh8 Ne7 16. Qf6 Nc6 17. Qxf7 Rf8 18. Qe6+ Kb8 19. Be3 Qxc3 20. Rab1 Rd8 21. Red1 Rc8 22. Rb3 Qxc2 23. Rdb1 b6 24. Rxb6+ Ka8 25. Qxc8+ 1-0

[Event "ZN-2013-0-02319"]
[Site "LSS email"]
[Date "2013.06.04"]
[Round "?"]
[White "Lauer, Fredric"]
[Black "Bier, Ingrid"]
[Result "0-1"]
[WhiteElo "989"]
[BlackElo "1409"]
[PlyCount "52"]
[EventDate "2013.06.01"]
[EventType "match (corr)"]
[EventRounds "2"]
[EventCountry "GER"]
[SourceTitle "Telechess CBM 161"]
[Source "ChessBase"]
[SourceDate "2014.07.16"]
[SourceVersion "1"]
[SourceVersionDate "2014.07.16"]
[SourceQuality "1"]

1. e4 e5 2. Nf3 Nc6 3. Bb5 a6 4. Bxc6 dxc6 5. 0-0 f6 6. d4 exd4 7. Nxd4 c5 8. Nb3 Qxd1 9. Rxd1 Bg4 10. f3 Be6 11. Nc3 Bd6 12. a4 Ne7 13. Be3 Bxb3 14. cxb3 Nc6 15. Rac1 0-0-0 16. Nd5 b6 17. b4 Nxb4 18. Nxb4 cxb4 19. Bxb6 Bf4 20. Rxd8+ Rxd8 21. Rc2 Rd1+ 22. Kf2 b3 23. Rc3 Rd2+ 24. Kf1 Rxb2 25. Be3 Be5 26. Rc1 Ra2 0-1

[Event "RA-2013-0-00268"]
[Site "LSS email"]
[Date "2013.04.27"]
[Round "?"]
[White "Bier, Ingrid"]
[Black "Silva Filho, Alcindo Luz Bastos"]
[Result "1-0"]
[WhiteElo "1409"]
[BlackElo "2047"]
[PlyCount "131"]
[EventDate "2013.03.21"]
[EventType "tourn (corr)"]
[EventRounds "6"]
[EventCountry "GER"]
[SourceTitle "Telechess CBM 161"]
[Source "ChessBase"]
[SourceDate "2014.07.16"]
[SourceVersion "1"]
[SourceVersionDate "2014.07.16"]
[SourceQuality "1"]

1. e4 c5 2. Nf3 Nc6 3. d4 cxd4 4. Nxd4 e6 5. Nc3 Qc7 6. Be3 a6 7. Qd2 Nf6 8. f3 d6 9. g4 Be7 10. g5 Nd7 11. 0-0-0 b5 12. h4 Nce5 13. h5 b4 14. Nb1 Bb7 15. Qxb4 Rc8 16. Rh3 d5 17. Qe1 dxe4 18. fxe4 Ng4 19. Bd2 Qe5 20. Rg3 Nh2 21. Qf2 Nc5 22. Nc3 Bd6 23. Rh3 Nxf1 24. Rxf1 0-0 25. Re1 Be7 26. Kb1 Rcd8 27. Nf3 Qc7 28. h6 g6 29. e5 Ba8 30. Nd4 Rd7 31. Rg3 Rc8 32. Rg4 Rdd8 33. Nb3 Nd7 34. Rg3 a5 35. Nd4 Qb8 36. Ncb5 a4 37. b3 axb3 38. axb3 Qb6 39. Bc1 Bb7 40. Qf4 Qa5 41. Re2 Rf8 42. c4 Rb8 43. Bb2 Ra8 44. Kc1 Rab8 45. Nc2 Ba8 46. Rd2 Bc6 47. b4 Qa6 48. Nd6 Ba4 49. Ra3 Qc6 50. b5 Qh1+ 51. Rd1 Qg2 52. Ne3 Qxg5 53. Qxg5 Bxg5 54. Rxa4 Bxe3+ 55. Kc2 Bxh6 56. Ra7 Nb6 57. Kb3 Nc8 58. Rb7 Rxb7 59. Nxb7 Be3 60. Ba3 Re8 61. Bc1 Bf2 62. Bg5 Na7 63. Nd6 Ra8 64. Ne4 Rb8 65. Nxf2 Kg7 66. Bf6+ 1-0

[Event "RA-2013-0-00268"]
[Site "LSS email"]
[Date "2013.04.27"]
[Round "?"]
[White "Carroll, Patrick J"]
[Black "Bier, Ingrid"]
[Result "1/2-1/2"]
[WhiteElo "2088"]
[BlackElo "1409"]
[PlyCount "92"]
[EventDate "2013.03.21"]
[EventType "tourn (corr)"]
[EventRounds "6"]
[EventCountry "GER"]
[SourceTitle "Telechess CBM 161"]
[Source "ChessBase"]
[SourceDate "2014.07.16"]
[SourceVersion "1"]
[SourceVersionDate "2014.07.16"]
[SourceQuality "1"]

1. e4 e5 2. Nf3 Nc6 3. c3 Nf6 4. d4 Nxe4 5. d5 Ne7 6. Nxe5 Ng6 7. Nxg6 hxg6 8. Qe2 Qe7 9. Be3 Rh5 10. c4 Qe5 11. a3 b6 12. g3 Bb7 13. Bg2 Nd6 14. Nc3 0-0-0 15. 0-0-0 Re8 16. h4 Nf5 17. Rd3 Bc5 18. Bxc5 Qxe2 19. Nxe2 bxc5 20. Nf4 Rhh8 21. b4 cxb4 22. axb4 Nd6 23. c5 Ne4 24. Rd4 Nxf2 25. Rf1 Ng4 26. Nxg6 fxg6 27. Rxg4 Ba6 28. Rf2 Re1+ 29. Kd2 Rhe8 30. Bf3 Bb5 31. Rxg6 Ra1 32. Bd1 Ra2+ 33. Bc2 Ba4 34. Kd3 Ra3+ 35. Kc4 Bxc2 36. Rxc2 Re4+ 37. Kb5 Rd4 38. Ra6 Rb3 39. Rc4 Rxd5 40. Rxa7 Kb8 41. Ra1 Rxg3 42. Re4 Kb7 43. Rh1 Rd2 44. Rc1 c6+ 45. Kc4 Rb2 46. Ra1 Rbb3 1/2-1/2